Θεομηνίες στη Λέσβο το 19ο αιώνα

Αποθηκεύτηκε σε:
Λεπτομέρειες βιβλιογραφικής εγγραφής
Κύριος συγγραφέας: Ζαννής, Καμπούρης Π.
Μορφή: Βιβλίο
Γλώσσα:Greek
Δημοσίευση: Μυτιλήνη : [χ.ε.], 1978
Θέματα:
Ετικέτες: Προσθήκη ετικέτας
Δεν υπάρχουν, Καταχωρήστε ετικέτα πρώτοι!

MARC

LEADER 00000nam a2200000 i 4500
001 1/23304
008 011112s1978 gre d
035 |l 10067639 
040 |a GR-MY-UA  |b gre  |e aacr 
041 0 |a gre 
082 0 |a 363.340949582 
100 1 |a Ζαννής, Καμπούρης Π. 
245 1 0 |a Θεομηνίες στη Λέσβο το 19ο αιώνα /  |c Ζαννή Π. Καμπούρη 
260 |a Μυτιλήνη :   |b [χ.ε.],   |c 1978 
300 |a 77σ. 
504 |a Περιέχει βιβλιογραφικές παραπομπές 
650 0 0 |a Natural disasters  |z Greece  |z Lesbos Island. 
650 0 0 |a Disasters  |z Greece  |z Lesbos Island. 
852 |a INST  |b LESVOS  |e 20020911  |h 363.340949582 ΚΑΜ  |p 005100025170  |q 005100025170  |t BK  |y 0 
852 |a INST  |b LESVOS  |e 20011112  |h 363.340949582 ΚΑΜ  |p 005100025171  |q 005100025171  |t BK  |y 0 
901 |a BIBL1-2002-3 
909 |a Λ  |b 099082 
909 |a Λ  |b 099083 
922 |a 1ΕΛΗ  |b 200111  |c ΤΑΚ/ΚΥΒ  |d ΣΦΕΤΟΥΔΗΣ 
950 |a 023-2001-11-02 
970 |a ΚΑΜΑΤΣΟΥ  |b ΔΕΣΠΟΙΝΑ  |z 2002/09/11